=LDR 00000nam 2200000 4500 =001 INLIS000000000035004 =005 20130612140906 =008 ***********************************Ind** =035 ##$$0010-061300000035004 =041 ##$$a Ind =082 ##$$a 028.55 =090 ##$$a 028.55, Ram a =100 ##$$a Ramadhan,Dadan =245 ##$$a Aku Bisa Bikin Susu Sendiri-Cerita Balita, Dadan Ramadhan =260 ##$$a 2010 $b Bandung =300 ##$$a 23 hlm., ilus., 23 cm =650 ##$$a Bacaan Kanak-kanak =850 ##$$a NBPNMAT =990 ##$$a 10301030